Careers for the community college graduate /

Bibliographic Details
Main Author: Chernow, Fred B., 1932-
Other Authors: Chernow, Carol, 1934-
Format: Book
Language:English
Published: New York : Arco Pub., [1981]
Subjects:

MARC

Tag First Indicator Second Indicator Subfields
LEADER 00000pam a2200000 a 4500
001 in00000080264
005 20151008060910.0
008 810129s1981 nyua b 00110 eng
010 |a  81000702  
020 |a 0668050896 (lib. bdg.) :  |c $11.95 
020 |a 0668050918 (pbk.) :  |c $5.95 
035 |a (OCoLC)07249819 
035 |9 AAJ6839AM 
039 0 |a 2  |b 3  |c 3  |d 3  |e 3 
040 |a DLC  |c DLC  |d TXA  |d UtOrBLW 
043 |a n-us--- 
049 |a TXAM  |c [1481984] 
050 0 0 |a LC1037.5  |b .C485 
082 0 |a 378/.013  |2 19 
100 1 |a Chernow, Fred B.,  |d 1932- 
245 1 0 |a Careers for the community college graduate /  |c Fred B. Chernow and Carol Chernow. 
264 1 |a New York :  |b Arco Pub.,  |c [1981] 
264 4 |c ©1981 
300 |a 188 pages :  |b illustrations ;  |c 24 cm. 
336 |a text  |b txt  |2 rdacontent 
337 |a unmediated  |b n  |2 rdamedia 
338 |a volume  |b nc  |2 rdacarrier 
500 |a Includes index. 
504 |a Bibliography: pages 182-184. 
650 0 |a Career education  |z United States  |x Handbooks, manuals, etc. 
650 0 |a Community colleges  |z United States  |x Handbooks, manuals, etc. 
700 1 |a Chernow, Carol,  |d 1934- 
999 |a MARS 
999 f f |s 666481ae-39b8-3608-bae1-86c188a8cdb7  |i 0bd75e6f-84a0-39e2-9b3b-47288d625277  |t 0 
952 f f |p normal  |a Texas A&M University  |b College Station  |c Sterling C. Evans Library  |d Evans: Library Stacks  |t 0  |e LC1037.5 .C485  |h Library of Congress classification  |i unmediated -- volume  |m A14806163502 
998 f f |a LC1037.5 .C485  |t 0  |l Evans: Library Stacks